Tilastot visalle Saksan tärkeimmät kauppakumppanit

Klikkaa tästä pelataksesi tätä visaa!

Yleistilastot

  • Tätä visaa on pelattu 395 kertaa
  • Keskiarvotulos 15 / 17

Vastaustilastot

VientiTuontiValtio% Oikein
111 mrd.72,9 mrd.Ranska
98%
23,6 mrd.29,4 mrd.Venäjä
98%
119 mrd.65,8 mrd.Yhdysvallat
98%
85,4 mrd.105 mrd.Kiina
97%
58,9 mrd.51,5 mrd.Puola
95%
67,3 mrd.57,3 mrd.Italia
94%
44,5 mrd.30,7 mrd.Espanja
93%
27,9 mrd.Ruotsi
93%
94,1 mrd.39,4 mrd.Yhdistynyt kuningaskunta
91%
45,8 mrd.41,9 mrd.Belgia
88%
86,8 mrd.92,5 mrd.Alankomaat
87%
55,3 mrd.49,6 mrd.Sveitsi
87%
65,4 mrd.42,5 mrd.Itävalta
84%
25,4 mrd.Japani
84%
42,7 mrd.46,9 mrd.Tšekki
79%
24,9 mrd.17,0 mrd.Turkki
73%
25,4 mrd.27,6 mrd.Unkari
59%

Tulosjakauma

Persentiili vastausten määrän mukaan

Jokaisen tuloksen saaneiden osuus

Tuloshistoriasi

Et ole pelannut tätä visaa